Le destin des noirs aux Indes de Castille : (Record no. 106355)

MARC details
000 -LEADER
campo de control de longitud fija 01030nam a2200277 i 4500
001 - NÚMERO DE CONTROL
campo de control 106355
003 - IDENTIFICADOR DE NÚMERO DE CONTROL
campo de control ES-MaACL
005 - FECHA Y HORA DE LA ÚLTIMA TRANSACCIÓN
campo de control 20250802063112.0
007 - CAMPO FIJO DE DESCRIPCIÓN FÍSICA--INFORMACIÓN GENERAL
campo de control de longitud fija t|
008 - DATOS DE LONGITUD FIJA--INFORMACIÓN GENERAL
campo de control de longitud fija 061102s1984 fr ||||1| fre d
020 ## - NÚMERO INTERNACIONAL ESTÁNDAR DEL LIBRO
Número Internacional Estándar del Libro 2-85802-405-4
080 ## - NÚMERO DE LA CLASIFICACIÓN DECIMAL UNIVERSAL
Número de la Clasificación Decimal Universal 326.1(=96:8.03)"15/17"
100 1# - ENTRADA PRINCIPAL--NOMBRE DE PERSONA
Nombre de persona Tardieu, Jean-Pierre,
Fechas asociadas al nombre 1944-
Término indicativo de función/relación Autor
9 (RLIN) 109275
245 13 - MENCIÓN DEL TÍTULO
Título Le destin des noirs aux Indes de Castille :
Resto del título XVIe-XVIIIe siècles /
Mención de responsabilidad, etc. Jean-Pierre Tardieu
260 ## - PUBLICACIÓN, DISTRIBUCIÓN, ETC.
Lugar de publicación, distribución, etc. Paris :
Nombre del editor, distribuidor, etc. Harmattan,
Fecha de publicación, distribución, etc. [1984]
300 ## - DESCRIPCIÓN FÍSICA
Extensión 350 páginas :
Otras características físicas ilustraciones, mapas ;
Dimensiones 22 cm
490 1# - MENCIÓN DE SERIE
Mención de serie Racines du présent
RLIN 232833
504 ## - NOTA DE BIBLIOGRAFÍA, ETC.
Nota de bibliografía, etc. Bibliografía: páginas 337-346
650 14 - PUNTO DE ACCESO ADICIONAL DE MATERIA--TÉRMINO DE MATERIA
Término de materia o nombre geográfico como elemento de entrada Esclavos-
Subdivisión geográfica América española-
Subdivisión general Condiciones sociales
9 (RLIN) 12364
650 #4 - PUNTO DE ACCESO ADICIONAL DE MATERIA--TÉRMINO DE MATERIA
Término de materia o nombre geográfico como elemento de entrada Esclavos-
Subdivisión general Comercio
9 (RLIN) 12365
830 #0 - PUNTO DE ACCESO ADICIONAL DE SERIE-TÍTULO UNIFORME
Título uniforme Racines du présent
9 (RLIN) 232833
852 ## - LOCALIZACIÓN
Ubicación ES-MaACL
Sublocalización o colección R.138965
Ubicación en estantería Depósito 2
Marcas de propiedad Biblioteca Jacinto Martínez Lacalle
Donativo/Legado Donativo Jacinto Martínez Lacalle
Número de control de estantería E-11363
942 ## - ELEMENTOS DE ENTRADA SECUNDARIOS (KOHA)
Fuente del sistema de clasificación o colocación Clasificación decimal universal
Tipo de ítem Koha Libro impreso
Suprimir en OPAC No
Holdings
Estatus retirado Estado de pérdida Fuente del sistema de clasificación o colocación Estado de daño No para préstamo Biblioteca de origen Biblioteca actual Ubicación en estantería Fecha de adquisición Fuente de adquisición Total de préstamos Signatura topográfica completa Código de barras Visto por última vez Tipo de ítem Koha
    Clasificación decimal universal     Biblioteca del Ateneo de Madrid Biblioteca del Ateneo de Madrid Depósito 2 17/01/2008 Donación   E-11363 1111024 23/02/2023 Libro impreso